00843nam a2200181 a 4500008004100000020001500041050002200056100002400078245011600102260003900218300002100257350000900278490005600287650008600343995008600429999001700515952012900532120416s1996 ||||||||||||||||| || u a0821337386 aIBRD-IFC(08)DP/30 aKarmokolias, Yannis10aCost benefit analysis of the private sector environmental investments: a case study of the Kunda Cement Factory aWashington, D.C.bWorld Bankc1996 avii, 32p. : ill. a0.00 aInternational Finance Corporation Discussion Papers aCEMENT INDUSTRY--WASTE DISPOSAL--ESTONIA--KUNDA--COST EFFECTIVENESS--CASE STUDIES D0.00FCBU-MAIN LIBRARY (Kitwe)H1I0.00M1UAVAILABLEZInternational Publications c38993d38993 00102lcc4070a001b001cInternational Publicationsd2022-11-30l0oIBRD-IFC(08)DP/30p019433r2022-11-30w2022-11-30y002